Statistics for All Countries by Area : Four at a Time

Click here to take the quiz!

General Stats

  • This quiz has been taken 79,821 times
  • The average score is 29 of 49

Answers on the Map

Answers color-coded by a green-red scale on the quiz's map according to % correct below.
 

Answer Stats

#Country% Correct
1-4Russia | Canada | China | United States
100%
5-8Brazil | Australia | India | Argentina
99%
9-12
Kazakhstan | Algeria | D. R. Congo |
Saudi Arabia
97%
17-20Iran | Mongolia | Peru | Chad
96%
13-16Mexico | Indonesia | Sudan | Libya
96%
21-24Niger | Angola | Mali | South Africa
94%
25-28Colombia | Ethiopia | Bolivia | Mauritania
91%
29-32Egypt | Tanzania | Nigeria | Venezuela
90%
33-36Pakistan | Namibia | Mozambique | Turkey
90%
37-40Chile | Zambia | Myanmar | Afghanistan
87%
41-44
France | Somalia |
Central African Republic | South Sudan
87%
45-48Ukraine | Madagascar | Botswana | Kenya
86%
49-52Yemen | Thailand | Spain | Turkmenistan
85%
53-56
Cameroon | Papua New Guinea |
Sweden | Uzbekistan
83%
61-64
Japan | Germany | Philippines |
Republic of the Congo
82%
65-68Finland | Vietnam | Malaysia | Norway
81%
57-60Morocco | Iraq | Paraguay | Zimbabwe
81%
69-72Ivory Coast | Poland | Oman | Italy
80%
73-76Ecuador | Burkina Faso | New Zealand | Gabon
75%
77-80Guinea | United Kingdom | Uganda | Ghana
74%
81-84Romania | Laos | Guyana | Belarus
73%
85-88Kyrgyzstan | Senegal | Syria | Cambodia
69%
89-92Uruguay | Suriname | Tunisia | Bangladesh
65%
93-96Nepal | Tajikistan | Greece | Nicaragua
63%
97-100North Korea | Malawi | Eritrea | Benin
57%
101-104Honduras | Liberia | Bulgaria | Cuba
55%
105-108Guatemala | Iceland | South Korea | Hungary
54%
109-112Portugal | Jordan | Serbia | Azerbaijan
51%
113-116
Austria | United Arab Emirates |
Czech Republic | Panama
49%
117-120Sierra Leone | Ireland | Georgia | Sri Lanka
47%
121-124Lithuania | Latvia | Togo | Croatia
45%
125-128
Bosnia and Herzegovina | Costa Rica |
Slovakia | Dominican Republic
42%
129-132Estonia | Denmark | Netherlands | Switzerland
42%
133-136Bhutan | Taiwan | Guinea-Bissau | Moldova
38%
137-140Belgium | Lesotho | Armenia | Solomon Islands
37%
141-144Albania | Equatorial Guinea | Burundi | Haiti
35%
149-152El Salvador | Israel | Slovenia | Fiji
33%
145-148Rwanda | North Macedonia | Djibouti | Belize
33%
153-156Kuwait | Eswatini | East Timor | Bahamas
29%
157-160Montenegro | Vanuatu | Qatar | Gambia
27%
161-164Jamaica | Kosovo | Lebanon | Cyprus
26%
165-168
Brunei | Trinidad and Tobago |
Cape Verde | Samoa
23%
193-196Tuvalu | Nauru | Monaco | Vatican City
22%
169-172
Luxembourg | Mauritius | Comoros |
São Tomé and Príncipe
21%
173-176Kiribati | Bahrain | Dominica | Tonga
19%
177-180Singapore | F. S. Micronesia | Saint Lucia | Andorra
19%
189-192
Saint Kitts and Nevis | Marshall Islands |
Liechtenstein | San Marino
18%
181-184Palau | Seychelles | Antigua and Barbuda | Barbados
17%
185-188
Saint Vincent and the Grenadines | Grenada |
Malta | Maldives
16%

Score Distribution

Percentile by Number Answered

Percent of People with Each Score

Your Score History

You have not taken this quiz